000 00553cam a2200169 4500500
005 20260329005647.0
041 _afre
042 _adc
100 1 0 _aEltchaninoff, Michel
_eauthor
245 0 0 _a“Correspondances. Accompagner le vivant” : Tim Ingold sans peine
260 _c2024.
500 _a98
690 _aTim Ingold
690 _aVivant
786 0 _nPhilosophie magazine | 181 | 6 | 2024-07-01 | p. 74-74 | 1951-1787
856 4 1 _uhttps://shs.cairn.info/magazine-philosophie-magazine-2024-6-page-74?lang=fr&redirect-ssocas=7080
999 _c1845360
_d1845360